Карпатський трамвай/Перші туристичні маршрути в Карпатах проклали лісопромисловці ще наприкінці ХІХ ст. Саме тоді в горах була побудована вузькоколійна залізниця (Запис № 323096)

МАРК-запис
000 -Лідер
fixed length control field 00757nam a22002177a 4500
003 - Ідентифікатор контрольного номера
control field UA-OsUOA
001 - Контрольний номер
control field 36863
007 - Фіксоване поле фізичного опису
fixed length control field ta
008 - Елементи даних фіксованої довжини – загальна інформація
fixed length control field 20060216b un ||||| |||| 00| 0 ukr d
090 ## - Локальний шифр розміщення
Класифікаційний індекс УДК 94)477)
Авторський знак (НП) Ш33
040 ## - Джерело каталогізації
Агенція оригінальної каталогізації UA-OsUOA
Мова каталогізації ukr
Агенція, яка здійснювала перезапис UA-OsUOA
Агенція, яка здійснювала модифікацію UA-OsUOA
041 ## - Код мови
Код мови тексту/ звукової доріжки чи окремого заголовка (П) ukr
080 ## - Індекс Універсальної десяткової класифікації
Індекс Універсальної десяткової класифікації (УДК) (НП) 94)477)
100 ## - Основне введення – ім’я особи
Ім’я особи (НП) Швагуляк-Шостак О.
245 ## - Відомості про назву
Назва (НП) Карпатський трамвай/Перші туристичні маршрути в Карпатах проклали лісопромисловці ще наприкінці ХІХ ст. Саме тоді в горах була побудована вузькоколійна залізниця
300 ## - Фізичний опис
Обсяг С.56-61
650 #7 - Додаткове предметне введення – тематичний термін
Джерело заголовка чи терміна UDC
773 0# - Введення хост-одиниці (П)
Контрольний номер запису (П) 36856
942 ## - Додаткові елементи входу (Коха)
Тип елемента Koha Стаття періодики
955 ## - Код типу видання за змістом
Код типу видання за змістом (НП) інше

Немає доступних примірників.